The Mobilities of Living History : a Case Study of Viking Heritage.

This case study is part of the Contemporary Cases Online series. The series provides critical case studies that are original, flexible, challenging, controversial and research-informed, driven by the needs of teaching and learning.

Bibliographic Details
Main Author: Hannam, Kevin.
Other Authors: Fyall, Alan., Garrod, Brian.
Format: eBook
Language:English
Published: Oxford : Goodfellow Publishers, Limited, 2013.
Edition:1st ed.
Series:Contemporary Cases Online Series
Subjects:
Online Access:Click to View
LEADER 01828nam a22003973i 4500
001 EBC1218612
003 MiAaPQ
005 20231204023213.0
006 m o d |
007 cr cnu||||||||
008 231204s2013 xx o ||||0 eng d
020 |a 9781908999733  |q (electronic bk.) 
035 |a (MiAaPQ)EBC1218612 
035 |a (Au-PeEL)EBL1218612 
035 |a (OCoLC)875095912 
040 |a MiAaPQ  |b eng  |e rda  |e pn  |c MiAaPQ  |d MiAaPQ 
100 1 |a Hannam, Kevin. 
245 1 4 |a The Mobilities of Living History :  |b a Case Study of Viking Heritage. 
250 |a 1st ed. 
264 1 |a Oxford :  |b Goodfellow Publishers, Limited,  |c 2013. 
264 4 |c Ã2013. 
300 |a 1 online resource (14 pages) 
336 |a text  |b txt  |2 rdacontent 
337 |a computer  |b c  |2 rdamedia 
338 |a online resource  |b cr  |2 rdacarrier 
490 1 |a Contemporary Cases Online Series 
520 |a This case study is part of the Contemporary Cases Online series. The series provides critical case studies that are original, flexible, challenging, controversial and research-informed, driven by the needs of teaching and learning. 
588 |a Description based on publisher supplied metadata and other sources. 
590 |a Electronic reproduction. Ann Arbor, Michigan : ProQuest Ebook Central, 2023. Available via World Wide Web. Access may be limited to ProQuest Ebook Central affiliated libraries.  
655 4 |a Electronic books. 
700 1 |a Fyall, Alan. 
700 1 |a Garrod, Brian. 
776 0 8 |i Print version:  |a Hannam, Kevin  |t The Mobilities of Living History: a Case Study of Viking Heritage  |d Oxford : Goodfellow Publishers, Limited,c2013 
797 2 |a ProQuest (Firm) 
830 0 |a Contemporary Cases Online Series 
856 4 0 |u https://ebookcentral.proquest.com/lib/matrademy/detail.action?docID=1218612  |z Click to View